<?xml version="1.0" encoding="UTF-8"?>
<marc:record xmlns:marc="http://www.loc.gov/MARC21/slim">
   <marc:leader>00000nam a2200000 a 4500</marc:leader>
   <marc:datafield ind1="1" ind2=" " tag="100">
      <marc:subfield code="a">Rosenblum, Emma</marc:subfield>
      <marc:subfield code="4">aut</marc:subfield>
      <marc:subfield code="e">Verfasser/-in</marc:subfield>
   </marc:datafield>
   <marc:datafield ind1="1" ind2=" " tag="100">
      <marc:subfield code="a">Müller, Carolin</marc:subfield>
   </marc:datafield>
   <marc:datafield ind1=" " ind2=" " tag="653">
      <marc:subfield code="a">New York</marc:subfield>
   </marc:datafield>
   <marc:datafield ind1=" " ind2=" " tag="653">
      <marc:subfield code="a">Manhattan</marc:subfield>
   </marc:datafield>
   <marc:datafield ind1=" " ind2=" " tag="653">
      <marc:subfield code="a">Amerikanische Literatur</marc:subfield>
   </marc:datafield>
   <marc:datafield ind1=" " ind2=" " tag="653">
      <marc:subfield code="a">New Adult</marc:subfield>
   </marc:datafield>
   <marc:datafield ind1=" " ind2=" " tag="653">
      <marc:subfield code="a">Freundschaft</marc:subfield>
   </marc:datafield>
   <marc:datafield ind1="0" ind2="0" tag="245">
      <marc:subfield code="a">Mean Moms</marc:subfield>
   </marc:datafield>
   <marc:datafield ind1="0" ind2="0" tag="245">
      <marc:subfield code="b">Nichts ist so perfekt wie ihre Lügen. Roman -</marc:subfield>
   </marc:datafield>
   <marc:datafield ind1="0" ind2="0" tag="245">
      <marc:subfield code="c">Rosenblum, Emma</marc:subfield>
   </marc:datafield>
   <marc:datafield ind1=" " ind2="1" tag="264">
      <marc:subfield code="a">München</marc:subfield>
      <marc:subfield code="b">C.Bertelsmann</marc:subfield>
      <marc:subfield code="c">2026</marc:subfield>
   </marc:datafield>
   <marc:datafield ind1=" " ind2=" " tag="250">
      <marc:subfield code="a">1. Aufl..</marc:subfield>
   </marc:datafield>
   <marc:datafield ind1="1" ind2=" " tag="520">
      <marc:subfield code="a">Die Atherton Academy ist die beste Privatschule in Manhattan und zieht nur die Reichen und Mächtigen an. Morgan, Belle und Frost, ein Power-Trio aus New Yorker Geldadel und neureichen Trophy Wives, regeln das gesellschaftliche Leben an der Schule. Zwischen Pilatesstunde und Mimosa-Lunch genießen sie es, dass die anderen Eltern voller Ehrfurcht und Neid zu ihnen aufblicken.&#xD;
Doch als am ersten Schultag die geheimnisvolle Sofia aus Miami auftaucht, gerät die perfekte Welt der drei ungekrönten Königinnen ins Wanken. Sofia integriert sich schnell in die Clique, was nicht jedem gefällt. Plötzlich häufen sich merkwürdige und unschöne Vorfälle. Bedauernswerte Zufälle oder gezielte Sabotage? Bald müssen sich die Freundinnen fragen: Hat es jemand auf sie abgesehen? Ist der Neid ihrer Freundinnen in Hass umgeschlagen? Und was, wenn eine von ihnen eine eiskalte Soziopathin ist?&#xD;
(Verlagsmeldung)</marc:subfield>
   </marc:datafield>
   <marc:datafield ind1=" " ind2=" " tag="020">
      <marc:subfield code="a">9783570106075</marc:subfield>
      <marc:subfield code="9">9783570106075</marc:subfield>
   </marc:datafield>
   <marc:datafield ind1=" " ind2=" " tag="020">
      <marc:subfield code="a">3570106071</marc:subfield>
      <marc:subfield code="9">3570106071</marc:subfield>
   </marc:datafield>
   <marc:datafield ind1=" " ind2=" " tag="041">
      <marc:subfield code="a">ger</marc:subfield>
   </marc:datafield>
   <marc:datafield ind1=" " ind2=" " tag="338">
      <marc:subfield code="a">Band</marc:subfield>
   </marc:datafield>
   <marc:datafield ind1=" " ind2=" " tag="300">
      <marc:subfield code="a">368 S.</marc:subfield>
   </marc:datafield>
</marc:record>
